01675nam a2200301 a 4500001001000000003000400010005001700014008004100031020001800072040002500090082001500115100003300130245009800163260004000261300002100301500007000322500007200392500007100464590002700535700004800562942001400610952012900624952012600753952021700879952012601096952013401222999001701356000037747OSt20240302073953.0130305s2012 dr 000 0 spa d a9789945489156 aDO-SdBNPbspacBNPHU axxxxbxxxx1 aCordero, Tulio916039d1955-10aHilo de fuego :bantologa poética /cTulio Cordero ; introducción Bruno Rosario Candelier aSanto Domingo, :bSantuario,c2012. a198 p. ;c23 cm. aIncluye datos biográficos del autor en la solapa de la cubierta aEl ejemplar número 1 esta dedicado a Chiqui Vicioso por el autor. aEl ejemplar número 5 esta dedicado a Pura Emeterio por el autor. aInventariado, 2020/ YL12aRosario Candelier, Bruno,d1941-eint.9851 2ddccLBS1 00102ddc56758DSaGRbGRcHDd2012-03-05eDeposito LegaliLF1l0oxxxx xxxxp37747-30r2020-06-25te. 3w2020-06-25yLFDS 00102ddc708DSaGRbGRcHDd2012-06-23eDeposito LegaliLF1l0oxxxx xxxxp37747-40r2020-06-25te. 4w2020-06-25yLFDS 00102ddc51718PDaPDbPDcHDd2014-06-05eChiqui Vicioso/ Fidelio DespradeliLF1l0oxxxx xxxxp37747-10r2020-06-25w2020-06-25yLFPDzPerteneció a la biblioteca personal de Chiqui Vicioso/Fidelio Despradel 00102ddc718PDaPDbPDcHDd2012-09-07eDeposito LegaliLF1l0oxxxx xxxxp37747-20r2020-06-25te. 2w2020-06-25yLFPD 00102ddc708DSaGRbGRcHDd2018-12-06eNieves L. Enuterio R.iLF1l0oxxxx xxxxp2020-0255r2020-10-28te. 5w2020-06-25yLFDS c37237d37237